Stadtteile Essens - mit Karte - Statistiken

Allgemein
  • Dieses Quiz wurde 247 mal gespielt
  • Das Durchschnittsergebnis liegt bei 30 aus 50
Antworten auf der Karte
Die Antworten werden auf der Karte rot bzw. grün angezeigt, abhängig davon wie oft sie richtig erraten wurden.
 
Antwortstatistiken
Stadtteil % Korrekt
Werden
87%
Rüttenscheid
83%
Bredeney
82%
Steele
82%
Kettwig
81%
Kray
76%
Frohnhausen
75%
Kupferdreh
75%
Bergeborbeck
70%
Südviertel
70%
Katernberg
69%
Nordviertel
69%
Ostviertel
68%
Altendorf
65%
Altenessen-Nord
65%
Altenessen-Süd
64%
Holsterhausen
64%
Karnap
64%
Schonnebeck
63%
Westviertel
63%
Heisingen
62%
Horst
62%
Haarzopf
60%
Fischlaken
59%
Stadtwald
59%
Huttrop
58%
Rellinghausen
58%
Burgaltendorf
57%
Stadtkern
57%
Frillendorf
56%
Südostviertel
55%
Dellwig
54%
Schönebeck
54%
Vogelheim
54%
Frintrop
53%
Margarethenhöhe
51%
Stoppenberg
51%
Borbeck-Mitte
50%
Leithe
50%
Byfang
48%
Überruhr-Hinsel
48%
Schuir
47%
Bergerhausen
46%
Bochold
45%
Freisenbruch
45%
Fulerum
44%
Heidhausen
43%
Gerschede
41%
Überruhr-Holthausen
38%
Bedingrade
34%
Keine übereinstimmenden Quizze gefunden
Verteilung der Resultate
Anzahl Personen mit jedem Resultat
Perzentil nach korrekt beantworteten Fragen
Ihre Resultats-Entwicklung
Sie haben dieses Quiz noch nicht gespielt